| 000 | 00553nam a2200217Ia 4500 | ||
|---|---|---|---|
| 008 | 191119s9999 xx 000 0 und d | ||
| 020 | _a978-981-458-133-2 | ||
| 050 | _aMAIN HD 38.5 | ||
| 050 | _b.S87 2010 | ||
| 245 | 0 | _aSupply chain logistics management / | |
| 245 | 0 | _cDonald J. Bowersox… [et al] | |
| 250 | _a4th Edition | ||
| 260 | _aNew York : | ||
| 260 | _bMcGraw-Hill, | ||
| 260 | _c2010 | ||
| 300 | _a484 pages: | ||
| 300 | _billustrations ; | ||
| 300 | _c26 cm. | ||
| 500 | _aIncludes index. | ||
| 650 | _aBusiness logistics. | ||
| 999 |
_c363080 _d363080 |
||